| 000 | 00556nam a2200193 a 4500 | ||
|---|---|---|---|
| 003 | OSt | ||
| 005 | 20140311163027.0 | ||
| 008 | 080924s19uu xx 00 eng d | ||
| 020 | _a9789715847056 | ||
| 050 |
_aRT 71 _b.C538 2008 |
||
| 100 |
_aClark, Carolyn Chambers _930787 |
||
| 245 | _aClassroom skills for nurse educators. / | ||
| 260 |
_aBoston : _bJones and Bartlett, _c2008. |
||
| 300 |
_a417 p. : _bill. ; _c22 cm. |
||
| 650 |
_aNursing Books. _930788 |
||
| 650 |
_aNursing _xStudy and teaching. _930789 |
||
| 942 |
_cBK _2lcc _kFOR |
||
| 999 |
_c39563 _d39563 |
||